| 000 | 00406nam a2200181Ia 4500 | ||
|---|---|---|---|
| 008 | 221030s9999 xx 000 0 und d | ||
| 020 | _a8185594589 | ||
| 041 | _aEnglish | ||
| 082 | _a105.23 | ||
| 100 | _aN. D. Bhatt | ||
| 245 | 0 | _aEngineering Drawing | |
| 250 | _a49th | ||
| 260 |
_bCharotar Pub. _aAnand _c2007 |
||
| 300 | _a600 | ||
| 650 | _aBB Mechanics | ||
| 700 | _aV. M. Panchal | ||
| 942 | _cBK | ||
| 999 |
_c4264 _d4264 |
||